Insurance management

Bibliographic Details
Main Author: Sahoo, S. C.
Corporate Author: ProQuest (Firm)
Other Authors: Das, S. C.
Format: Electronic eBook
Language:English
Published: Mumbai : Himalaya Pub. House, 2009.
Edition:1st ed.
Subjects:
Online Access:Click to View
LEADER 01261nam a2200361 a 4500
001 EBC3011294
003 MiAaPQ
005 20200520144314.0
006 m o d |
007 cr cn|||||||||
008 101001s2009 ii a sb 001 0 eng d
020 |z 9788184885835 
035 |a (MiAaPQ)EBC3011294 
035 |a (Au-PeEL)EBL3011294 
035 |a (CaPaEBR)ebr10415678 
035 |a (OCoLC)940439521 
040 |a MiAaPQ  |c MiAaPQ  |d MiAaPQ 
050 4 |a HG8075  |b .S24 2009 
100 1 |a Sahoo, S. C. 
245 1 0 |a Insurance management  |h [electronic resource] /  |c S.C. Sahoo, S.C. Das. 
246 3 4 |a Insurance management :  |b text and cases 
250 |a 1st ed. 
260 |a Mumbai :  |b Himalaya Pub. House,  |c 2009. 
300 |a 582 p. :  |b ill. 
504 |a Includes bibliographical references and index. 
533 |a Electronic reproduction. Ann Arbor, MI : ProQuest, 2015. Available via World Wide Web. Access may be limited to ProQuest affiliated libraries. 
650 0 |a Insurance companies  |x Management. 
650 0 |a Risk management. 
650 0 |a Insurance. 
655 4 |a Electronic books. 
700 1 |a Das, S. C. 
710 2 |a ProQuest (Firm) 
856 4 0 |u https://ebookcentral.proquest.com/lib/matrademy/detail.action?docID=3011294  |z Click to View